All Scream Killers - Statistics

General Stats
  • This quiz has been taken 130 times
  • The average score is 8 of 15
Answer Stats
Hint Answer % Correct
1 Billy
100%
2 Stu
100%
3 Micky
89%
5 Roman
84%
7 Amber
74%
9 Ethan
69%
4 Mrs Loomis
68%
6 Richie
68%
10 Quinn
62%
8 Bailey
32%
11 Piper
10%
13 Beth
9%
12 Kieran
8%
14 Jamal
5%
Bonus Samantha
5%
No matching quizzes found
Score Distribution
Percent of People with Each Score
Percentile by Number Answered
Your Score History
You have not taken this quiz